000 00962cam a2200277 a 4500
001 3488213
005 20180214044757.0
008 940825s1995 nyuab j b 001 0 eng
010 _a 94033526
020 _a0195081420 (lib. ed. : acidfree paper)
020 _a0195088301 (ser. : acidfree paper)
040 _aDLC
_cDLC
_dDLC
041 _aeng
042 _alcac
043 _an-us---
080 _a973..04970082 dem
082 0 0 _a973..04970082 dem
_220
100 1 _a16
101 _ahis
245 1 4 _aThe tried and the true :
_cJohn Demos.
246 3 0 _aNative American women confronting colonization
504 _aIncludes bibliographical references (p. 106-107) and index.
906 _a7
_bcbc
_corignew
_d1
_eocip
_f19
_gy-gencatlg
942 _2ddc
_cBK
999 _c42477
_d42477